Vista normal Vista MARC

Entrada Personal Name

Número de registros utilizados en: 1

001 - CONTROL NUMBER

  • control field: 22370

003 - CONTROL NUMBER IDENTIFIER

  • control field: OSt

005 - DATE AND TIME OF LATEST TRANSACTION

  • control field: 20230915230842.0

008 - FIXED-LENGTH DATA ELEMENTS

  • fixed length control field: 230915|| aca||aabn | a|a d

040 ## - CATALOGING SOURCE

  • Original cataloging agency: OSt
  • Transcribing agency: OSt

100 ## - HEADING--PERSONAL NAME

  • Personal name: Robayo Alonso, Alvaro

670 ## - SOURCE DATA FOUND

  • Source citation: Work cat.: (OSt)25720: Robayo Alonso, Alvaro, La crítica a los valores hegemónicos en el arte Colombiano, CAB









Instituto Departamental de Cultura del Meta - Red Departamental de Bibliotecas Públicas del Meta.